000 00530nam a2200181Ia 4500
003 Ost
005 20260507075701.0
008 260507s9999||||xx |||||||||||||| ||und||
020 _a6558249960
040 _cfsecg
041 _aara
100 _aمارجيريسون، شارلز
_eمؤلف
245 0 _aقيادة الفريق /
_c شارلز مارجيريسون
260 _aالرياض:
_bدار المريخ للنشر,
_c2002
300 _a284 صفحة؛
653 _aادارة،فرق،عمل
942 _cكتاب
999 _c45832
_d45832